[Event "Morava-ch U20 Girls"]
[Site "Valtice"]
[Date "1992.??.??"]
[Round "7"]
[White "Muzikantova, Vladimira"]
[Black "Ptacnikova, Lenka"]
[Result "0-1"]
[WhiteElo "1800"]
[BlackElo "1955"]

1.e4 c5 2.Nf3 Nc6 3.Bb5 g6 4.Bxc6 dxc6 5.h3 Bg7 6.d3 Nf6 7.Nc3 O-O 8.Be3 b6
9.O-O Ne8 10.Qd2 e5 11.a4 Qd6 12.Qd1 Nc7 13.Nd2 Ne6 14.Nc4 Qc7 15.Ne2 Ba6
16.Nd2 Rfd8 17.b3 Qd6 18.f4 exf4 19.Nxf4 Bxa1 20.Qxa1 Nd4 21.Qd1 Re8 22.Nf3 Rad8
23.h4 f5 24.Bxd4 Qxf4 25.Bf6 fxe4 26.Bxd8 Rxd8 27.Ng5 Qe3+ 28.Kh2 exd3 29.c4 Bc8
30.Qa1 Qd4 31.Qe1 d2  0-1

[Event "Morava-ch U20"]
[Site "Valtice"]
[Date "1992.??.??"]
[Round "8"]
[White "Jordan, J."]
[Black "Kruml, David"]
[Result "1/2-1/2"]
[WhiteElo "2000"]
[BlackElo "1860"]

1.e4 c5 2.Nf3 Nc6 3.Bb5 g6 4.O-O Bg7 5.c3 Nf6 6.Re1 O-O 7.d4 cxd4 8.cxd4 d5
9.e5 Ne8 10.Nc3 Nc7 11.Bxc6 bxc6 12.h3 Na6 13.Na4 Qc7 14.Re3 Re8 15.Rc3 Bf8
16.Be3 Nb8 17.a3 a5 18.Qd2 f6 19.Bh6 Nd7 20.Bxf8 Nxf8 21.Re1 Ne6 22.Qc1 Bd7
23.Nc5 Nxc5 24.Rxc5 Rec8 25.Re3 Rab8 26.b3 Rb5 27.Rxb5 cxb5 28.Qxc7 Rxc7
29.exf6 exf6 30.Re7 Rc1+ 31.Kh2 Bf5 32.Rb7 Bd3 33.Ra7 Rb1 34.Rxa5 Rxb3 35.a4 Ra3
36.Ra8+ Kg7 37.a5 b4 38.Rb8 b3 39.Nd2 Bc4 40.Rb7+ Kh6 41.Kg1 Kg5 42.a6 Bxa6
43.Rxb3 Rxb3 44.Nxb3 h5 45.g3 Kf5 46.h4 g5 47.f3 Be2 48.Kf2 Bd1 49.Nc5 Bc2
50.Ke3 Kg6 51.Nd7 Kf7 52.Nc5 Ke7 53.Nb7 Ke6  1/2-1/2

[Event "Morava-ch U20"]
[Site "Valtice"]
[Date "1992.??.??"]
[Round "9"]
[White "Buchnicek, Petr"]
[Black "Belunek, Vladimir"]
[Result "0-1"]
[WhiteElo "2100"]
[BlackElo "2005"]

1.e4 c5 2.Nf3 Nc6 3.Bb5 g6 4.Bxc6 dxc6 5.h3 Bg7 6.d3 e5 7.Be3 b6 8.Qd2 Qe7
9.Nc3 Nf6 10.Bh6 O-O 11.h4 a5 12.Ne2 c4 13.Bxg7 Kxg7 14.O-O-O cxd3 15.cxd3 Ng4
16.Nc3 b5 17.d4 Rd8 18.Qc2 Be6 19.Nxe5 Nxe5 20.dxe5 a4 21.f4 Bg4 22.Rxd8 Rxd8
23.Ne2 b4 24.Ng3 c5 25.h5 c4 26.hxg6 fxg6 27.Qf2 b3 28.a3 c3 29.bxc3 Qxa3+
30.Kb1 Bd1 31.Qb2 Bc2+ 32.Kc1 Qc5 33.Qa1 a3  0-1

[Event "Viernheim"]
[Site "Viernheim"]
[Date "1992.??.??"]
[Round "10"]
[White "Sokolov, Andrei"]
[Black "Vatter, Hans Joachim"]
[Result "1-0"]
[WhiteElo "2605"]
[BlackElo "2300"]

1.e4 c5 2.Nf3 Nc6 3.Bb5 g6 4.O-O Bg7 5.c3 Nf6 6.e5 Nd5 7.d4 cxd4 8.cxd4 O-O
9.Nc3 Nxc3 10.bxc3 a6 11.Bd3 d6 12.exd6 exd6 13.Bg5 Bf6 14.Qd2 Bxg5 15.Nxg5 Kg7
16.f4 h6 17.Nf3 Qf6 18.Rab1 Re8 19.Rb6 Re7 20.d5 Nb8 21.Ne5 Nd7 22.Nxd7 Rxd7
23.Qb2 Rc7 24.c4 Qxb2 25.Rxb2 Bf5 26.Be2 Re8 27.Kf2 h5 28.Ra1 Kf8 29.Rb6 Rd8
30.Bf1 Re7 31.Re1 Rdd7 32.a4 Rxe1 33.Kxe1 Ke7 34.Kd2 Kd8 35.a5 Kc7 36.Bd3 Bxd3
37.Kxd3 Rd8 38.Kd4 Re8 39.c5 dxc5+ 40.Kxc5 Re2 41.Rf6 Rc2+ 42.Kd4 Rxg2 43.Rxf7+ Kd6
44.Rf6+ Kc7 45.h3 Rd2+ 46.Ke4 Re2+ 47.Kf3 Ra2 48.Rxg6 Rxa5 49.Ke4 Ra1 50.Rg7+ Kd6
51.Rxb7 Re1+ 52.Kf5 Rh1 53.Rb3 Kxd5 54.Rd3+ Kc4 55.Rf3 Rg1 56.Ke5 Re1+ 57.Kf6 Kd5
58.f5 Rb1 59.Rg3 Rb6+ 60.Kg7  1-0

[Event "Werfen blitz"]
[Site "Werfen"]
[Date "1992.??.??"]
[Round "5"]
[White "Roth, Peter"]
[Black "Podlesnik, Bogdan"]
[Result "0-1"]
[WhiteElo "2320"]
[BlackElo "2375"]

1.e4 c5 2.Nf3 Nc6 3.Bb5 e6 4.O-O Nge7 5.c3 d5 6.exd5 Qxd5 7.Re1 Bd7 8.Na3 Rc8
9.Nc4 Ng6 10.Ne3 Qd6 11.d4 cxd4 12.Nf5 Qd5 13.N5xd4 Nxd4 14.Bxd7+ Qxd7 15.Qxd4 Qxd4
16.Nxd4 Bc5 17.Be3 Ne5 18.Rad1 Ng4 19.Bf4 O-O 20.h3 Nf6 21.Nb3 Bb6 22.Be5 Nd5
23.Nd2 f6 24.Bg3 e5 25.Re4 Rfd8 26.Rc4 Rb8 27.Kf1 Ne7 28.Ke2 Nf5 29.Bh2 Nd6
30.Ra4 g5 31.Nc4 Nxc4 32.Rxd8+ Rxd8 33.Rxc4 Kf7 34.f3 Ke6 35.Bg3 f5 36.Be1 h5
37.Bd2 f4 38.Re4 Kf5 39.b4 g4 40.hxg4+ hxg4 41.a4 Rh8 42.a5 Bd8 43.c4 Rh2
44.Bc3 Bf6 45.Kf1 Rh1+ 46.Ke2 Rg1 47.Kf2 Rc1 48.Bd2 g3+  0-1

[Event "Werfen op"]
[Site "Werfen"]
[Date "1992.??.??"]
[Round "5"]
[White "Palos, Osman"]
[Black "Ikonnikov, Vyacheslav"]
[Result "1-0"]
[WhiteElo "2350"]
[BlackElo "2505"]

1.e4 c5 2.Nf3 Nc6 3.Bb5 e6 4.Bxc6 bxc6 5.O-O Ne7 6.b3 Ng6 7.Ba3 Qf6 8.Nc3 e5
9.Qe2 d6 10.Qe3 Be7 11.Kh1 Nf4 12.Ne2 g5 13.Nfg1 Rg8 14.f3 h5 15.Bb2 Bf8
16.Rad1 Bh6 17.Qf2 Qg6 18.d3 Rb8 19.Bc3 Rb7 20.a3 g4 21.Bd2 Nxe2 22.Nxe2 h4
23.fxg4 Bxg4 24.Bxh6 Qxh6 25.h3 Bxe2 26.Qxe2 f6 27.Rf5 Rbg7 28.Rg1 Ke7 29.Qf2 Rg5
30.b4 cxb4 31.axb4 Ke6 32.Rxg5 Qxg5 33.Qxa7 Qd2 34.Qa2+ d5 35.exd5+ cxd5
36.Qa6+ Kf7 37.Qb7+ Kf8 38.Qxd5 Qxb4 39.Rf1 Qe7 40.Qe4 Rg5 41.Qxh4 Kg7 42.Qe4 Qc5
43.c4 Rg3 44.Qf5 Qc6 45.Rf2 Qd6 46.Rf3 Rxf3 47.Qxf3 Qb6 48.Kh2  1-0

[Event "Werfen op"]
[Site "Werfen"]
[Date "1992.??.??"]
[Round "8"]
[White "Maljutin, Evgeni"]
[Black "Klinger, Josef"]
[Result "0-1"]
[WhiteElo "2480"]
[BlackElo "2480"]

1.e4 c5 2.Nf3 Nc6 3.Bb5 e6 4.O-O Nge7 5.b3 Nd4 6.Nxd4 cxd4 7.Ba3 Qb6 8.c4 a6
9.Ba4 Ng6 10.Bxf8 Rxf8 11.d3 Qa5 12.Na3 Qg5 13.g3 e5 14.c5 f5 15.exf5 Rxf5
16.Nc4 Ke7 17.Nxe5 Nxe5 18.f4 Qg4 19.fxe5 Qxd1 20.Raxd1 Rxe5 21.b4 d6 22.cxd6+ Kxd6
23.Rf4 Bf5 24.Rdf1 Bxd3 25.Rd1 Bf5 26.Rfxd4+ Ke7 27.g4 Be6 28.Bb3 Bxb3 29.axb3 Ke8
30.Rd7 Re7 31.Rxe7+ Kxe7 32.Kf2 Rc8 33.Rd3 Rc2+ 34.Kg3 Re2 35.Rc3 Kd6 36.Rd3+ Kc6
37.Rc3+ Kb6 38.Rd3 Re4 39.Rd7 g5 40.b5 a5 41.Rxh7 Re3+ 42.Kf2 Rxb3 43.Rh6+ Ka7
44.h4 gxh4 45.Rxh4 Rb4 46.Kf3 a4 47.Rh1 Rxb5 48.Ra1 Rb3+ 49.Ke2 b5 50.Rg1 a3
51.g5 Rc3 52.g6 Rc8 53.Kd2 b4 54.g7 a2 55.Ra1 b3 56.g8=Q Rxg8 57.Kc3 Rg3+
58.Kb2 Kb6 59.Rh1 Rd3 60.Rh6+ Kc5 61.Rh1 Kc4 62.Rc1+ Kb4 63.Rd1 a1=Q+  0-1

[Event "Sonnevanck"]
[Site "Wijk aan Zee"]
[Date "1992.??.??"]
[Round "1"]
[White "Nijboer, Friso"]
[Black "Kuijf, Marinus"]
[Result "1-0"]
[WhiteElo "2485"]
[BlackElo "2420"]

1.e4 c5 2.Nf3 Nc6 3.Bb5 g6 4.Bxc6 dxc6 5.d3 Bg7 6.h3 Nf6 7.Nc3 O-O 8.Be3 b6
9.Qd2 Re8 10.Bh6 Bh8 11.e5 Nd5 12.Ne4 Nc7 13.O-O-O Nb5 14.Qf4 Nd4 15.Rhe1 Nxf3
16.Qxf3 Qd5 17.Ng5 Qxf3 18.Nxf3 Be6 19.Ng5 Bd5 20.c4 Bxg2 21.Re3 Bg7 22.Bxg7 Kxg7
23.e6 f6 24.Nf7 Rac8 25.f4 Bd5 26.cxd5 cxd5 27.f5 d4 28.Rg3 c4 29.Rdg1 cxd3+
30.Kd2 Rc2+ 31.Kxd3 Rxb2 32.fxg6 h6 33.R3g2 Rb4 34.Rc2 Ra4 35.h4 h5 36.Rf1 b5
37.Rf4 Ra3+ 38.Kxd4 Rb8 39.Kd5 Rb6 40.Rc7 Rd3+ 41.Ke4  1-0

[Event "Sonnevanck"]
[Site "Wijk aan Zee"]
[Date "1992.??.??"]
[Round "4"]
[White "Lau, Ralf"]
[Black "Kuijf, Marinus"]
[Result "1-0"]
[WhiteElo "2520"]
[BlackElo "2420"]

1.e4 c5 2.Nf3 Nc6 3.Bb5 g6 4.O-O Bg7 5.c3 Nf6 6.Re1 O-O 7.h3 Qb6 8.Na3 d5
9.e5 Nd7 10.d4 a6 11.dxc5 Qc7 12.Bxc6 bxc6 13.Qd4 f6 14.e6 Ne5 15.Bf4 Nxf3+
16.gxf3 Qd8 17.Bg3 g5 18.Qa4 Qe8 19.Nc2 Qh5 20.Qxc6 Ra7 21.Qxd5 Rb7 22.Nd4 Rxb2
23.Nf5 Re8 24.Rab1 Rxb1 25.Rxb1 Bf8 26.Rb8 Qxh3 27.Nd4 g4 28.Qf5 Kh8 29.fxg4 Qh6
30.Bf4 Qg7 31.c6 Rd8 32.c7 Re8 33.Qh5 f5 34.Qxe8 Qxg4+ 35.Bg3  1-0

[Event "Sonnevanck"]
[Site "Wijk aan Zee"]
[Date "1992.??.??"]
[Round "8"]
[White "Kotronias, Vasilios"]
[Black "Kuijf, Marinus"]
[Result "1/2-1/2"]
[WhiteElo "2550"]
[BlackElo "2420"]

1.e4 c5 2.Nf3 Nc6 3.Bb5 d6 4.O-O Bd7 5.Re1 Nf6 6.c3 a6 7.Bf1 Bg4 8.d4 Bxf3
9.gxf3 cxd4 10.cxd4 e5 11.d5 Nd4 12.Be3 g6 13.f4 Nh5 14.Nd2 Bg7 15.fxe5 dxe5
16.Nf3 Nxf3+ 17.Qxf3 O-O 18.Bh3 Nf4 19.Bxf4 exf4 20.e5 Qg5+ 21.Qg4 Qxg4+
22.Bxg4 Rad8 23.Rad1 Rfe8 24.e6 f5 25.Bf3 Bf8 26.d6 Rxd6 27.Rxd6 Bxd6 28.Rd1 Rd8
29.Bxb7 a5 30.Rd5 Kg7 31.Rxa5 Kf6 32.Bd5 Rc8 33.Ra6 Ke5 34.Rc6 Rxc6 35.Bxc6 Kxe6
36.f3 Bc5+ 37.Kf1 g5 38.h3 Ke7 39.Ba4 h5 40.Bd1 Kf6 41.Kg2 Ke5 42.Ba4 g4
43.Be8 gxf3+ 44.Kxf3 h4 45.Bd7 Bd4 46.b3 Bc5 47.Ke2 Ke4 48.Bc6+  1/2-1/2

[Event "Wuerzburg op"]
[Site "Wuerzburg"]
[Date "1992.??.??"]
[Round "?"]
[White "Zupe, Miran"]
[Black "Kalinitschew, Sergey"]
[Result "0-1"]
[WhiteElo "2315"]
[BlackElo "2455"]

1.e4 c5 2.Nf3 Nc6 3.Bb5 d6 4.O-O Bd7 5.Re1 a6 6.Bxc6 Bxc6 7.d4 cxd4 8.Nxd4 Rc8
9.c4 Nf6 10.Nc3 e6 11.b3 Be7 12.Bb2 O-O 13.Qe2 Qa5 14.Nxc6 Rxc6 15.Rac1 Rfc8
16.h3 R6c7 17.Na4 Nd7 18.Rcd1 Rc6 19.Bc3 Qc7 20.Rd3 g6 21.Red1 b5 22.Nb2 Bf6
23.Bxf6 Nxf6 24.R3d2 Qb8 25.Qe3 bxc4 26.Nxc4 d5 27.exd5 exd5 28.Ne5 Re6 29.f4 Ne4
30.Rd3 f6 31.Nd7 Qc7 32.Rxd5 Rce8 33.R5d3 Qc2 34.a4 Nc3 35.Qc5 Rc6 36.Nxf6+ Kh8
37.Qxc6 Ne2+ 38.Kh2 Qxc6 39.Nxe8 Nxf4 40.R3d2 Kg8 41.Nd6 Kg7 42.Nc4 Qe4 43.Rf2 Kh6
44.g3 Nd3 45.Nd2 Qe3 46.Rg2 Ne1 47.Nf1 Nf3+ 48.Kh1 Qxb3 49.Ra1 Qd5 50.h4 Qe4
51.Raa2 Qe6 52.g4 Nxh4 53.Rh2 Qxg4  0-1

[Event "Casablanca"]
[Site "Zaragoza"]
[Date "1992.??.??"]
[Round "?"]
[White "Etchegaray, Patrice"]
[Black "Garcia, Raul"]
[Result "1/2-1/2"]
[WhiteElo "2315"]
[BlackElo "2270"]

1.e4 c5 2.Nf3 Nc6 3.Bb5 g6 4.O-O Bg7 5.c3 Nf6 6.d4 cxd4 7.cxd4 Nxe4 8.d5 Nd6
9.Na3 a6 10.Bd3 Nb4 11.Nc4 Nxc4 12.Bxc4 b5 13.Bb3 a5 14.a3 Na6 15.Bg5 f6
16.Bf4 Nc5 17.Rc1 d6 18.Re1 Bg4 19.h3 Bxf3 20.Qxf3 Rc8 21.Bc2 O-O 22.h4 f5
23.Bg5 Be5 24.Qe2 Qd7 25.Rcd1 Ne4 26.Bxe4 fxe4 27.Qxe4 Qf5 28.Qxf5 Rxf5 29.Rd2 Rc7
30.g3 Rf3 31.Be3 a4 32.Kg2 Rf8 33.Bg5 Kf7 34.Rde2 Re8 35.h5 Rc5 36.hxg6+ hxg6
37.Rh1 Kg7 38.f4 Bf6 39.Bxf6+ Kxf6 40.Rd1 Rec8 41.Kf3  1/2-1/2

[Event "Ibercaja op"]
[Site "Zaragoza"]
[Date "1992.??.??"]
[Round "?"]
[White "Esain Manresa, Miguel"]
[Black "Campos, Antonio"]
[Result "1-0"]
[WhiteElo "2260"]
[BlackElo "2325"]

1.e4 c5 2.Nf3 Nc6 3.Bb5 g6 4.O-O Bg7 5.c3 Nf6 6.Re1 O-O 7.d4 cxd4 8.cxd4 d6
9.d5 Nb8 10.Nc3 a6 11.Bf1 Nbd7 12.Bg5 b5 13.a3 Bb7 14.Qd2 Re8 15.Red1 Rc8
16.Qf4 Qb6 17.Qh4 e6 18.dxe6 Rxe6 19.Nd4 Ree8 20.Be3 Qd8 21.Bg5 Qb6 22.Be3 Qd8
23.f3 d5 24.exd5 Nxd5 25.Qxd8 Rcxd8 26.Nxd5 Bxd5 27.Nxb5 Bb3 28.Rd2 axb5
29.Bxb5 Ne5 30.Bxe8 Rxe8 31.Bf2 Be6 32.Rad1 Nc4 33.Rd8 Kf8  1-0

[Event "Aalborg op"]
[Site "Aalborg"]
[Date "1993.??.??"]
[Round "6"]
[White "Fries Nielsen, Jens Ove"]
[Black "Yakovich, Yuri"]
[Result "1/2-1/2"]
[WhiteElo "2400"]
[BlackElo "2510"]

1.e4 c5 2.Nf3 Nc6 3.Bb5 g6 4.Bxc6 bxc6 5.O-O Bg7 6.Re1 f6 7.c3 Nh6 8.d4 cxd4
9.cxd4 O-O 10.Nc3 d6 11.h3 Nf7 12.Be3 Bd7 13.Rc1 Qa5 14.Qd2 Rfe8 15.Rb1 Rab8
16.a3 Rb7 17.Qc1 f5 18.b4 Qa6 19.Ra1 fxe4 20.Nxe4 Qb5 21.Qd2 Qf5 22.Nfg5 Rb5
23.Nxf7 Qxf7 24.Rac1 Rd5 25.Nc3 Rf5 26.Ne4 Qd5 27.f3 a5 28.Ng3 Rff8 29.Rb1 axb4
30.axb4 Ra8 31.Ra1 Rfb8 32.Ne4 Qc4 33.Rxa8 Rxa8 34.Rc1 Qb3 35.Rc2 Bf5 36.Rb2 Qc4
37.Kh2 Rb8 38.Ng3 Bd3 39.Ra2 e5 40.Ra7 exd4 41.Bh6 Be5 42.f4 Bf6 43.Qe1 Qd5
44.Rb7 Ra8 45.Ra7 Rb8 46.Rb7  1/2-1/2

[Event "DEN-chJ"]
[Site "Aarhus"]
[Date "1993.??.??"]
[Round "2"]
[White "Lindfeldt, Jan Magnus"]
[Black "Plomp, Gordon"]
[Result "1/2-1/2"]
[WhiteElo "2110"]
[BlackElo "2200"]

1.e4 c5 2.Nf3 Nc6 3.Bb5 g6 4.O-O Bg7 5.Re1 Nf6 6.c3 O-O 7.d4 cxd4 8.cxd4 d5
9.e5 Ne4 10.Nc3 Nxc3 11.bxc3 Na5 12.Nd2 Bf5 13.Nb3 Rc8 14.g4 Nxb3 15.axb3 Bd7
16.Bxd7 Qxd7 17.Bd2 a6 18.Qe2 Rc6 19.Kg2 f5 20.exf6 exf6 21.f3 f5 22.Qe7 Qc8
23.g5 f4 24.Re2 Rd8 25.Rae1 Bf8 26.Qe5 Bg7 27.Qxf4 Rf8 28.Qg4 Qxg4+ 29.fxg4 Rc7
30.Re7 Rxe7 31.Rxe7 Rf7 32.Rxf7 Kxf7 33.Kf3 b5 34.Ke3 a5 35.Kd3 a4 36.Kc2 Ke6
37.Bf4 Bf8 38.Kb2 Kd7 39.Ka2 Kc6 40.h3 Be7 41.Bc1 Kb6 42.Bf4  1/2-1/2

[Event "Aegina op"]
[Site "Aegina"]
[Date "1993.??.??"]
[Round "4"]
[White "Ermenkov, Evgenij"]
[Black "Amendola, Konstantinos"]
[Result "1-0"]
[WhiteElo "2505"]
[BlackElo "2215"]

1.e4 c5 2.Nf3 Nc6 3.Bb5 Na5 4.d4 cxd4 5.Nxd4 a6 6.Bd3 g6 7.O-O Bg7 8.Nb3 d6
9.N1d2 Nxb3 10.axb3 Nf6 11.Re1 O-O 12.h3 Bd7 13.b4 Bc6 14.Nb3 Nd7 15.Na5 Qc7
16.Nxc6 Qxc6 17.c3 Ne5 18.Bf1 h6 19.f4 Nc4 20.g3 Rac8 21.Kh2 e6 22.Bd3 Rfd8
23.Qe2 e5 24.f5 gxf5 25.exf5 d5 26.Qg4 Qf6 27.Rf1 d4 28.Be4 Nd6 29.Bd2 dxc3
30.Bxc3 Rc4 31.Rae1 h5 32.Qf3 h4 33.Bd5 hxg3+ 34.Qxg3 Rxc3 35.bxc3 Nxf5 36.Qf3 e4
37.Qxf5 Qd6+ 38.Kg2 Qxd5 39.Qxd5 Rxd5 40.Rxe4 Bxc3 41.Re8+ Kg7 42.Re7 Bxb4
43.Rxb7 a5 44.Rbxf7+ Kg6 45.R7f4 Kg5 46.Rg4+ Kh6 47.Rf6+ Kh7 48.Rc4 Rg5+
49.Kf3 Kg7 50.Ra6 Rf5+ 51.Kg4 Rf7 52.Rcc6 Rd7 53.Rc4 Rf7 54.h4 Kh7 55.Rcc6 Bd2
56.Rd6 Bc3 57.Rh6+ Kg8 58.Ra8+ Kg7 59.Rah8 Bd2 60.R6h7+ Kf6 61.Rxf7+ Kxf7
62.Rd8  1-0

[Event "Aegina op"]
[Site "Aegina"]
[Date "1993.??.??"]
[Round "5"]
[White "Gdanski, Jacek"]
[Black "Anastasian, Ashot"]
[Result "1-0"]
[WhiteElo "2485"]
[BlackElo "2470"]

1.e4 c5 2.Nf3 Nc6 3.Bb5 e6 4.O-O Nge7 5.c3 a6 6.Ba4 b5 7.Bc2 Bb7 8.a4 b4
9.d4 bxc3 10.d5 cxb2 11.Bxb2 Nb4 12.Bb3 f6 13.Na3 Ng6 14.Nc4 exd5 15.exd5 d6
16.a5 Bxd5 17.Ba4+ Kf7 18.Nb6 Be6 19.Bc3 Kg8 20.Bxb4 cxb4 21.Nd5  1-0

[Event "Aggtelek op"]
[Site "Aggtelek"]
[Date "1993.??.??"]
[Round "1"]
[White "Tengely, Szabolcs"]
[Black "Kovacs, Attila"]
[Result "1-0"]
[WhiteElo "2210"]
[BlackElo "2365"]

1.e4 c5 2.Nf3 Nc6 3.Bb5 g6 4.O-O Bg7 5.Re1 Nf6 6.e5 Nd5 7.Nc3 e6 8.Ne4 O-O
9.Bxc6 bxc6 10.Nxc5 f5 11.d4 a5 12.c4 Nb6 13.b3 Ba6 14.Bg5 Qe8 15.Qd2 a4
16.Bh6 Qd8 17.h4 a3 18.Bg5 Qe8 19.Rad1 Rf7 20.Qe2 h6 21.Nxa6 Rxa6 22.c5 Qc8
23.cxb6 hxg5 24.hxg5 Bf8 25.Nd2 Rxb6 26.Nc4 Ra6 27.Qd3 Ra7 28.Re3 Qd8 29.f4 Rh7
30.Rh3 Qe7 31.Kf2 Rxh3 32.Qxh3 Qh7 33.Qxh7+ Kxh7 34.Kf3 Bb4 35.Ke3 Kg7 36.Kd3 Rb7
37.Ne3 Be7 38.Rc1 Bb4 39.g4 Rb5 40.Rc4 Rb7 41.Nc2 Be7 42.gxf5  1-0

[Event "Aggtelek op"]
[Site "Aggtelek"]
[Date "1993.??.??"]
[Round "4"]
[White "Horvath, Peter"]
[Black "Petro, Janos"]
[Result "0-1"]
[WhiteElo "2290"]
[BlackElo "2265"]

1.e4 c5 2.Nf3 Nc6 3.Bb5 e6 4.O-O Nge7 5.Re1 Ng6 6.d3 Be7 7.Bxc6 bxc6 8.Nc3 O-O
9.Rb1 d5 10.b3 d4 11.Na4 e5 12.Ba3 Nf4 13.Nxe5 Bd6 14.Nc4 Nxg2 15.Kxg2 Qg5+
16.Kh1 Bg4 17.f3 Qf4 18.Qd2 Bxf3+ 19.Kg1 Qg4+ 20.Kf1 Bf4 21.Qf2 Rfe8 22.Bc1 Bxc1
23.Rexc1 Re6 24.Ke1 Bxe4 25.dxe4 Rxe4+ 26.Kd2 Rf4 27.Qg3 Qf5 28.Re1 Rf2+
29.Re2 Rxe2+ 30.Kxe2 Qxc2+ 31.Kf3 Qxb1 32.Qf2 Re8 33.Qd2 Qf1+ 34.Kg3 Re6  0-1

[Event "Aggtelek op"]
[Site "Aggtelek"]
[Date "1993.??.??"]
[Round "6"]
[White "Mokcsay, Robert"]
[Black "Kiss, Pal"]
[Result "0-1"]
[WhiteElo "2265"]
[BlackElo "2420"]

1.e4 c5 2.Nf3 Nc6 3.Bb5 g6 4.Nc3 Bg7 5.Bxc6 bxc6 6.d3 Rb8 7.O-O e5 8.Na4 d6
9.Bg5 Ne7 10.Nd2 O-O 11.Nc4 Be6 12.b3 f6 13.Bd2 f5 14.f3 f4 15.Rb1 g5 16.a3 h5
17.b4 cxb4 18.Bxb4 c5 19.Ba5 Qd7 20.Nc3 Bxc4 21.dxc4 Nc6 22.Qd5+ Kh7 23.Na4 Nxa5
24.Nxc5 Qc6 25.Ne6 Qxd5 26.Nxf8+ Rxf8 27.cxd5 Bf6 28.Rb5 Bd8 29.Rfb1 Rf7
30.Kf2 Rc7 31.R1b2 Rc3 32.Ke2 g4 33.h3 Re3+  0-1

[Event "Alcobendas op"]
[Site "Alcobendas"]
[Date "1993.??.??"]
[Round "8"]
[White "Reyes Larenas, Juan"]
[Black "Rivera, Daniel"]
[Result "1/2-1/2"]
[WhiteElo "2450"]
[BlackElo "2415"]

1.e4 c5 2.Nf3 Nc6 3.Bb5 g6 4.O-O Bg7 5.Bxc6 dxc6 6.d3 e5 7.Be3 Qe7 8.a4 Nf6
9.Na3 Nd7 10.Rb1 Nf8 11.Nc4 Bg4 12.h3 Bxf3 13.Qxf3 Ne6 14.Qg3 Nd4 15.Bxd4 cxd4
16.a5 O-O  1/2-1/2

[Event "Altensteig-B"]
[Site "Altensteig"]
[Date "1993.??.??"]
[Round "3"]
[White "Kraut, Rainer"]
[Black "Ullrich, Farid Raoul"]
[Result "1-0"]
[WhiteElo "2425"]
[BlackElo "2255"]

1.e4 c5 2.Nf3 Nc6 3.Bb5 e6 4.Bxc6 bxc6 5.d3 d5 6.c4 Ne7 7.Bf4 Ng6 8.Bg3 Bd6
9.e5 Bc7 10.O-O O-O 11.Nc3 Ba5 12.Na4 Qe7 13.Qc1 Bb6 14.Re1 Kh8 15.h4 h5
16.Ng5 f6 17.exf6 gxf6 18.Nxe6 Rf7 19.Ng5  1-0

[Event "Alushta op"]
[Site "Alushta"]
[Date "1993.??.??"]
[Round "?"]
[White "Dmitriev, Igor"]
[Black "Fominyh, Alexander"]
[Result "1/2-1/2"]
[WhiteElo "2280"]
[BlackElo "2505"]

1.e4 c5 2.Nf3 Nc6 3.Bb5 Qc7 4.O-O a6 5.Bxc6 Qxc6 6.Re1 e6 7.b3 b5 8.Bb2 Nf6
9.d3 Bb7 10.c4 bxc4 11.Ne5 Qc7 12.Nxc4 Be7 13.Nbd2 O-O 14.e5 Ne8 15.Qh5 f5
16.f4 Rf7 17.Rac1 g6 18.Qe2 g5 19.fxg5 Bxg5 20.Rc2 Be7 21.Nf3 Rg7 22.Bc1 f4
23.Ncd2 Qb6  1/2-1/2

[Event "Amantea op"]
[Site "Amantea"]
[Date "1993.??.??"]
[Round "?"]
[White "Drazic, Sinisa"]
[Black "Borgo, Giulio"]
[Result "0-1"]
[WhiteElo "2410"]
[BlackElo "2365"]

1.Nf3 c5 2.e4 Nc6 3.Bb5 Nf6 4.e5 Nd5 5.Nc3 Nc7 6.Bxc6 dxc6 7.d3 Bg4 8.h3 Bh5
9.O-O e6 10.Ne4 Be7 11.Ng3 Bg6 12.b3 Qd5 13.Re1 O-O-O 14.Bb2 f5 15.exf6 gxf6
16.Qd2 e5 17.Qa5 Kb8 18.c4 Qd7 19.Rad1 Rhe8 20.a3 Ne6 21.Bc1 Bf8 22.Ne4 Be7
23.Ng3 Bf8 24.Ne4 Qg7 25.Kh1 Bh5 26.g4 Bg6 27.Rg1 Nd4 28.Nxd4 Rxd4 29.f3 Red8
30.Be3 Bxe4 31.fxe4 R4d7 32.Kh2 Qg6 33.Qc3 h5 34.Qc2 hxg4 35.Rxg4 Qh5 36.Qe2 f5
37.exf5 Qxf5 38.Re4 Bd6 39.Rf1 Qh7 40.Bg5 Rg8 41.Bf6 a6 42.Bxe5 Bxe5+ 43.Rxe5 Rxd3
44.Rf3 Rxf3 45.Qxf3 Qc7 46.Qf4 Ka7 47.Rf5 Qd7 48.Qf2 Qd4 49.Kh1 Rg3  0-1

[Event "Andorra op"]
[Site "Andorra"]
[Date "1993.??.??"]
[Round "1"]
[White "Vila, Aurelio"]
[Black "Rausis, Igors"]
[Result "0-1"]
[WhiteElo "2315"]
[BlackElo "2575"]

1.e4 c5 2.Nf3 Nc6 3.Bb5 g6 4.O-O Bg7 5.Nc3 Nd4 6.a4 e6 7.Re1 Ne7 8.Nxd4 cxd4
9.Ne2 O-O 10.Ng3 Qc7 11.Bd3 Nc6 12.b3 b6 13.Ba3 Re8 14.Rc1 Bb7 15.Qe2 a6
16.Bb2 Rec8 17.f3 b5 18.axb5 axb5 19.c4 bxc4 20.Rxc4 Ra2 21.Bc1 Qb6 22.Qd1 Ba6
23.Rc2 Rxc2 24.Qxc2 Nb4  0-1

[Event "Andorra op"]
[Site "Andorra"]
[Date "1993.??.??"]
[Round "3"]
[White "Bancod, Ronald"]
[Black "Efimov, Igor"]
[Result "0-1"]
[WhiteElo "2465"]
[BlackElo "2490"]

1.e4 c5 2.Nf3 Nc6 3.Bb5 Nf6 4.Nc3 e5 5.O-O d6 6.d3 h6 7.h3 Be7 8.Nh2 O-O
9.Ng4 Nxg4 10.hxg4 Nd4 11.g3 Nxb5 12.Nxb5 Qd7 13.Nc3 Qxg4 14.Nd5 Bd8 15.Qxg4 Bxg4
16.b4 cxb4 17.Rb1 a5 18.a3 b5 19.axb4 a4 20.Be3 Rc8 21.Rbc1 Bf3 22.Bd2 f5
23.Nc3 fxe4 24.Nxb5 Be7 25.Nc3 exd3 26.cxd3 a3 27.Ra1 Rf5 28.g4 Bxg4 29.Nd5 Bd8
30.Rfc1 Rxc1+ 31.Rxc1 Bf3 32.Ne3 Rh5 33.Ng2 Bg5  0-1

[Event "Aschach op"]
[Site "?"]
[Date "1993.??.??"]
[Round "?"]
[White "Mahdi, Khaled"]
[Black "Wegener, Dirk"]
[Result "1-0"]
[WhiteElo "2420"]
[BlackElo "2295"]

1.e4 c5 2.Nf3 Nc6 3.Bb5 g6 4.O-O Bg7 5.Re1 Nf6 6.d3 O-O 7.Bxc6 dxc6 8.a4 Ne8
9.a5 e5 10.Bg5 f6 11.Be3 Qe7 12.Nc3 Nc7 13.Na4 Ne6 14.c3 Kh8 15.Qb3 Rd8 16.Rad1 Bf8
17.Qc2 Qc7 18.d4 cxd4 19.cxd4 exd4 20.Nxd4 Qxa5 21.Nf3 Bd7 22.Ra1 Qc7 23.Qc3 Bg7
24.Qc1 Be8 25.Nc5 Nxc5 26.Bxc5 b6 27.Bd4 c5 28.Bc3 Bc6 29.e5 fxe5 30.Nxe5 Bd5
31.Qg5 Qd6 32.Rad1 Kg8 33.Nc4 Qc6 34.Bxg7 Kxg7 35.Re7+ Kg8 36.Ne5 Qa4 37.Re1  1-0

[Event "Athens op"]
[Site "Athens"]
[Date "1993.??.??"]
[Round "8"]
[White "Martinovic, Slobodan"]
[Black "Tzermiadianos, Andreas"]
[Result "1-0"]
[WhiteElo "2465"]
[BlackElo "2315"]

1.e4 c5 2.Nf3 Nc6 3.Bb5 g6 4.Bxc6 dxc6 5.h3 e5 6.d3 Bg7 7.Nc3 Qe7 8.Be3 Nf6
9.Qd2 O-O 10.Bh6 Nh5 11.O-O-O Bxh6 12.Qxh6 f6 13.g3 Be6 14.Qe3 Bf7 15.Nh4 Ng7
16.f4 b5 17.f5 g5 18.Nf3 c4 19.dxc4 Bxc4 20.g4 Rfd8 21.h4 b4 22.Na4 Bb5 23.Qb3+ Qf7
24.Rxd8+ Rxd8 25.hxg5 Be2 26.Qxf7+ Kxf7 27.Nd2 fxg5 28.Rxh7 Kg8 29.Rh2 Bxg4
30.Rg2 Bh5 31.Rxg5 Kf7 32.Nc5 Rh8 33.Nc4 Kf6 34.Rg1 Rd8 35.b3 Rd4 36.Nxe5 Kxe5
37.Rxg7 Rd1+ 38.Kb2 Rd2 39.Re7+ Kf6 40.Re6+ Kg5 41.Rxc6  1-0

[Event "AUT-ch"]
[Site "?"]
[Date "1993.??.??"]
[Round "2"]
[White "Weinzettl, Ernst"]
[Black "Kwatschewsky, Leo"]
[Result "1-0"]
[WhiteElo "2330"]
[BlackElo "2300"]

1.e4 c5 2.Nf3 Nc6 3.Bb5 e6 4.O-O Nge7 5.Nc3 Nd4 6.a4 a6 7.Bc4 Nec6 8.Nxd4 cxd4
9.Ne2 Rb8 10.d3 b5 11.axb5 axb5 12.Bb3 d6 13.f4 Be7 14.Ng3 g6 15.Bd2 Qb6
16.f5 Ne5 17.fxe6 Bxe6 18.Bxe6 fxe6 19.Ne2 b4 20.Ra4 Qc5 21.Nf4 Kd7 22.Qa1 Rb7
23.Qa2 b3 24.cxb3 Qc2 25.b4 d5 26.Nxe6 Nc4 27.dxc4 dxe4 28.Ra7 Rb8 29.Qa6 Qxd2
30.Qb5+ Kxe6 31.Qd5+  1-0

[Event "AUT-chT"]
[Site "?"]
[Date "1993.??.??"]
[Round "?"]
[White "Niedermayr, Horst"]
[Black "Thallinger, Guenther"]
[Result "1-0"]
[WhiteElo "2245"]
[BlackElo "2195"]

1.e4 c5 2.Nf3 Nc6 3.Bb5 e6 4.O-O Nge7 5.b3 Nd4 6.Nxd4 cxd4 7.c3 a6 8.Bd3 Nc6
9.Bb2 Bc5 10.cxd4 Bxd4 11.Bxd4 Nxd4 12.Nc3 O-O 13.f4 b5 14.Qh5 f5 15.Rae1 Bb7
16.exf5 Nxf5 17.g4 g6 18.Qh3 Qb6+ 19.Rf2 Nd6 20.Qe3 Qc6 21.Be4 Nxe4 22.Nxe4 Rac8
23.Qd4 Qd5 24.Qxd5 Bxd5 25.d3 h6 26.h4 Kg7 27.Kh2 e5 28.f5 gxf5 29.gxf5 Bxe4
30.dxe4 Kf6 31.Rd1 Ke7 32.Rfd2 Rfd8 33.Rd6 Rc2+ 34.Kg3 h5 35.Rg6 Kf7 36.Rxa6 d5
37.Rxd5 Rxd5 38.exd5 Rd2 39.Kf3 Rxd5 40.Ke4 Rd4+ 41.Kxe5 Rxh4 42.Ra7+ Ke8
43.Rb7 Rh2 44.Rxb5 Rxa2 45.Kf6 h4 46.Rb8+ Kd7 47.Rh8 Rb2 48.Rxh4 Rxb3 49.Kf7 Kd6
50.Re4 Rb7+ 51.Kg6 Rb1 52.f6 Rg1+ 53.Kf7 Rf1 54.Kg7 Kd7 55.f7 Rg1+ 56.Kf8 Rf1
57.Rg4 Ke6 58.Rg6+ Kd7 59.Rg2 Ke6 60.Kg8  1-0

[Event "AUT-chT"]
[Site "?"]
[Date "1993.??.??"]
[Round "?"]
[White "Riedner, Martin"]
[Black "Pils, Walter"]
[Result "1/2-1/2"]
[WhiteElo "2145"]
[BlackElo "2360"]

1.e4 c5 2.Nf3 Nc6 3.Bb5 g6 4.O-O Bg7 5.Re1 a6 6.Bxc6 bxc6 7.d3 e5 8.Be3 d6
9.Nbd2 Nf6 10.h3 O-O 11.Nc4 h6 12.Qd2 Kh7 13.b4 cxb4 14.Qxb4 c5 15.Qb6 Qxb6
16.Nxb6 Rb8 17.Nxc8 Rfxc8 18.c4 Rb2 19.Reb1 Rcb8 20.Rxb2 Rxb2 21.Bc1 Rb8
22.Nd2 Nd7 23.Rb1 Bf6 24.Rxb8 Nxb8 25.Nb3 Nc6 26.a3 Kg7 27.Kf1 Bd8 28.Bd2  1/2-1/2

[Event "AUT-chT"]
[Site "?"]
[Date "1993.??.??"]
[Round "?"]
[White "Foessmeier, Ulrich"]
[Black "Hanel, Reinhard"]
[Result "1/2-1/2"]
[WhiteElo "2310"]
[BlackElo "2350"]

1.e4 c5 2.Nf3 Nc6 3.Bb5 g6 4.O-O Bg7 5.c3 Nf6 6.Re1 O-O 7.d4 cxd4 8.cxd4 d5
9.Bxc6 bxc6 10.Nc3 Bg4  1/2-1/2